Responses for show #7838 - Wednesday, October 10, 2018

Contestants

Chris Wong, a software engineer from Alexandria, Virginia

Mary Adolph, a behavior analyst from Austin, Texas

Alex Schmidt, a writer and comedian from Pasadena, California (whose 2-day cash winnings total $39,679)

Jeopardy! Round responses

HELLO!
I COMPOSED IT
"M" & EMMYS
COMPOUND WORDS
HISTORY
BIG PHARMA
    $200 20
¡Hola!

Mary
    $200 6
Vivaldi

Alex
    $200 1
Murphy Brown

Chris
    $200 12
(Alex: What is home city?)
(Mary: What is home state?)

hometown

AlexMaryChris
    $200 11
suffrage (or voting)

Mary
    $200 30
Pfizer

Chris
    $400 21
Book of Mormon

Mary
    $400 7
Tchaikovsky

Mary
    $400 2
Megan Mullally

Mary
    $400 13
a redneck

Mary
    $400 16
the Empire State Building

Alex
    $400 25
the FDA

Alex
    $600 22
Hello Kitty

Alex
    $600 8
Liszt

Alex
    $600 3
Mad About You

Chris
    $600 14
a carpool lane

Chris
    $600 17
Taiwan

Chris
    $600 26
Lilly

Alex
    $800 23
(Alex Schmidt: What is Bell Labs?)

AT & T

Alex
Triple Stumper
    $800 9
Puccini

Alex
    $800 4
Mary Tyler Moore

Alex
    $800 15
a backstory

Alex
    $800 18
the samurais

Alex
    $800 27
(Alex Schmidt: What is refinement?)

in the pipeline

Alex
Triple Stumper
    $1000 29
HelloGiggles

Alex
    $1000 10
Handel

Alex
    $1,000 5
Mom and Masters of Sex

Alex
    $1000 24
(Chris: What is wristwatch?)
(Alex Trebek: Be more specific.)
(Chris: What is [*]?)

smartwatch

Chris
    $1000 19
Vespucci

Mary
    $1000 28
(Mary: What is biology?)

genetics

AlexMary

Scores at the first commercial break (after clue 15):

Alex Mary Chris
$5,000 $1,200 $1,600

Scores at the end of the Jeopardy! Round:

Alex Mary Chris
$8,200 $1,800 $3,400

Double Jeopardy! Round responses

TO START WITH, GET "OUT"
(Alex: "OUT" will begin each correct response.)
AVIATION
JACK & THE FIEND STALK
THE END OF THE ROAD
MOVIE BY MacGUFFIN
BIG FARMER
    $400 11
an outage

Alex
    $400 15
a helicopter

Alex
    $400 6
Lord of the Flies

Alex
    $400 30
California

Mary
    $400 1
North by Northwest

Alex
    $400 29
(Mary: What is an ox?)

horses

Mary
Triple Stumper
    $800 12
an outbreak

Alex
    $800 28
a glider

Alex
    $800 7
Jack Ryan

Mary
    $800 27
Florida

Alex
    $800 2
Pulp Fiction

Chris
    $800 26
overalls

Mary
    $1200 13
an outboard motor

Alex
    $2,000 21
(Mary: What is... Alien?)

Airbus

Mary
    $1200 8
(Alex Schmidt: What is White Fang?)

Call of the Wild

Alex
Triple Stumper
    $1200 17
Arc de Triomphe

Alex
    $1200 3
Moana

Mary
    $1200 20
football player

Mary
    $1600 14
the Outback

Chris
    $1600 22
MiG

Alex
    $1600 9
Jack Reacher

Alex
    $1600 18
Victoria

Alex
    $1600 4
Casablanca

Mary
    $1,000 23
Thomas Jefferson

Alex
    $2000 16
outgrabe

Chris
    $2000 25
the Flying Fortress

Alex
    $2000 10
(Patrick) O'Brian

Alex
    $2000 19
(Mary: What is the Danube?)

the Main

Mary
Triple Stumper
    $2000 5
No Country for Old Men

Mary
    $2000 24
(Alvin) York

Alex

Scores at the end of the Double Jeopardy! Round:

Alex Mary Chris
$25,200 $5,400 $7,800
(lock game)

[wagering suggestions for these scores]

Final Jeopardy! Round responses

MYTHOLOGICAL HEROES
(Alex: [To Chris] Twelve labors of [*].)
MaryWho is Perseus?
$5,350
ChrisWho is Hercules
$3,160
AlexWho is Hercules?
$0
Hercules

Final scores:

Alex Mary Chris
$25,200 $50 $10,960
3-day champion: $64,879 3rd place: $1,000 2nd place: $2,000

Game dynamics:

Coryat scores:

Alex Mary Chris
$25,800 $7,400 $7,800
30 R
(including 2 DDs),
4 W
14 R,
5 W
(including 1 DD)
10 R,
0 W

Combined Coryat: $41,000

The J! Archive is created by fans, for fans. The Jeopardy! game show and all elements thereof, including but not limited to copyright and trademark thereto, are the property of Jeopardy Productions, Inc. and are protected under law. This website is not affiliated with, sponsored by, or operated by Jeopardy Productions, Inc. Join the discussion at JBoard.tv.